000 00603nam a2200193Ia 4500
008 151119s9999||||xx |||||||||||||| ||und||
082 _a910
082 _bGKKV6653
100 _aरानडे फिरोज
245 _aबारा जुलै ते अकरा जुलै
260 _a--
260 _b--
260 _c0
600 _aरानडे फिरोज
630 _aबारा जुलै ते अकरा जुलै
700 _aरानडे फिरोज
730 _aबारा जुलै ते अकरा जुलै
942 _cBOOK
999 _c1061466
_d1061463